000 00481nam a2200193Ia 4500
003 OSt
005 20251016103101.0
008 250729s2005 xx 000 0 und d
020 _a978-8171413904
040 _cAL
041 _aeng
082 _a370.78 REDR
100 _aReddy G L
_9223141
245 _aRole performance of adult education teachers-problems & prospects
260 _aNew Delhi
_c2005
300 _a126p
650 _aEducation
_9223142
942 _2ddc
_cBED
999 _c235759
_d235759